Every NBA Finals MVP - Statistics

General Stats
  • This quiz has been taken 66 times
  • The average score is 35 of 56
Answer Stats
Season Position Winner % Correct
2019/20 SF/PF LeBron James
95%
2015/16 SF/PF LeBron James
95%
2012/13 SF/PF LeBron James
95%
2011/12 SF/PF LeBron James
95%
2021/22 PG Stephen Curry
95%
2022/23 C Nikola Jokić
93%
2009/10 SG Kobe Bryant
91%
2008/09 SG Kobe Bryant
91%
1997/98 SG/SF Michael Jordan
91%
1996/97 SG/SF Michael Jordan
91%
1995/96 SG/SF Michael Jordan
91%
1992/93 SG/SF Michael Jordan
91%
1991/92 SG/SF Michael Jordan
91%
1990/91 SG/SF Michael Jordan
91%
2017/18 PF/SF Kevin Durant
86%
2016/17 PF/SF Kevin Durant
86%
2001/02 C Shaquille O'Neal
83%
2000/01 C Shaquille O'Neal
83%
1999/00 C Shaquille O'Neal
83%
2010/11 PF Dirk Nowitzki
79%
2023/24 SF/PG Jaylen Brown
78%
1986/87 PG Magic Johnson
78%
2018/19 SF Kawhi Leonard
76%
2013/14 SF Kawhi Leonard
76%
1985/86 SF/PF Larry Bird
74%
1983/84 SF/PF Larry Bird
74%
1971/72 C Wilt Chamberlain
74%
2020/21 PF Giannis
71%
1984/85 C Kareem Abdul-Jabbar
71%
1970/71 C Kareem Abdul-Jabbar
71%
2005/06 SG Dwyane Wade
69%
1968/69 PG Jerry West
69%
2004/05 PF/C Tim Duncan
69%
2002/03 PF/C Tim Duncan
69%
1998/99 PF/C Tim Duncan
69%
1994/95 C Hakeem Olajuwon
62%
1993/94 C Hakeem Olajuwon
62%
1982/83 C Moses Malone
60%
2006/07 PG Tony Parker
60%
2007/08 SF/SG Paul Pierce
55%
2014/15 SF/SG Andre Iguodala
50%
1989/90 PG Isiah Thomas
47%
1976/77 C Bill Walton
33%
2003/04 PG Chauncey Billups
31%
1973/74 SF/SG John Havlicek
26%
1987/88 SF James Worthy
24%
1988/89 SG/PG Joe Dumars
17%
1977/78 C Wes Unseld
16%
1972/73 C Willis Reed
16%
1969/70 C Willis Reed
16%
1980/81 SF Cedric Maxwell
10%
1974/75 SF Rick Barry
10%
1975/76 PG Jo Jo White
9%
1981/82 PG Magic Johnson
9%
1979/80 PG Magic Johnson
9%
1978/79 PG/SG Dennis Johnson
5%
No matching quizzes found
Score Distribution
Percent of People with Each Score
Percentile by Number Answered
Your Score History
You have not taken this quiz